[Event "Britsh Columbia-ch U20"]
[Site "Vancouver"]
[Date "2012.12.02"]
[Round "4.8"]
[White "Foote, Joanne"]
[Black "Zhang, Yutong"]
[Result "1-0"]
[WhiteElo "1725"]
[BlackElo "1536"]
[PlyCount "147"]
[EventDate "2012.12.01"]
[EventType "swiss"]
[EventRounds "5"]
[EventCountry "CAN"]
[SourceTitle "EXT 2022"]
[Source "ChessBase"]
[SourceDate "2021.10.06"]
[SourceVersion "1"]
[SourceVersionDate "2021.10.06"]
[SourceQuality "1"]

1. e4 e5 2. Nf3 Nc6 3. Bb5 a6 4. Ba4 Nf6 5. 0-0 b5 6. Bb3 Be7 7. Re1 0-0 8. c3 d6 9. h3 Na5 10. Bc2 c5 11. d4 cxd4 12. cxd4 Qc7 13. d5 Bd7 14. Nbd2 Rac8 15. Bd3 Bd8 16. Nf1 Qa7 17. Bg5 Bb6 18. Ne3 Nh5 19. Nxe5 dxe5 20. Qxh5 Bd4 21. Rab1 Nc4 22. b3 Nb2 23. Qe2 Nxd3 24. Qxd3 Rc3 25. Qd2 Rfc8 26. Rec1 f6 27. Bh4 Rxe3 28. Rxc8+ Bxc8 29. fxe3 Bxe3+ 30. Bf2 Bxd2 31. Bxa7 Ba5 32. Rc1 Bd7 33. Kf1 Kf7 34. Bc5 g6 35. b4 Bd8 36. Bd6 Bb6 37. Ke2 Bd8 38. Rf1 Kg7 39. Rc1 Bb6 40. Bc7 Bd4 41. Bd8 Be8 42. Rc7+ Bf7 43. d6 Bb6 44. Rd7 Bd4 45. Rb7 Kf8 46. Bxf6 Bc4+ 47. Kf3 Be6 48. d7 Bxd7 49. Rxd7 h6 50. Rd5 Kf7 51. Bxe5 Bb6 52. Rd6 Bc7 53. Rd5 Bb6 54. Bd4 Bxd4 55. Rxd4 Ke6 56. Rd5 Ke7 57. g4 Ke6 58. h4 Ke7 59. Kf4 Ke6 60. a3 Ke7 61. e5 Ke6 62. Rd6+ Kf7 63. h5 g5+ 64. Kf5 Ke7 65. Kg6 a5 66. Kxh6 axb4 67. axb4 Kf7 68. Kxg5 Ke7 69. h6 Kf7 70. h7 Kg7 71. e6 Kxh7 72. e7 Kg7 73. e8Q Kh7 74. Rd7# 1-0

[Event "Britsh Columbia-ch U20"]
[Site "Vancouver"]
[Date "2012.12.02"]
[Round "5.8"]
[White "Zhang, Yutong"]
[Black "Toi, Andrew"]
[Result "1-0"]
[WhiteElo "1536"]
[BlackElo "1544"]
[PlyCount "53"]
[EventDate "2012.12.01"]
[EventType "swiss"]
[EventRounds "5"]
[EventCountry "CAN"]
[SourceTitle "EXT 2022"]
[Source "ChessBase"]
[SourceDate "2021.10.06"]
[SourceVersion "1"]
[SourceVersionDate "2021.10.06"]
[SourceQuality "1"]

1. e4 c5 2. Nf3 d6 3. Bb5+ Bd7 4. Bxd7+ Qxd7 5. 0-0 Nc6 6. c3 d5 7. exd5 Qxd5 8. d4 Rd8 9. Be3 e5 10. Re1 Be7 11. Qa4 Rb8 12. dxe5 b5 13. Qg4 Nxe5 14. Qxg7 Bf6 15. Qg3 Ne7 16. Nbd2 Qe6 17. Nxe5 Rg8 18. Qf3 Bxe5 19. Bxc5 Ng6 20. Qh5 Qd5 21. Bd4 Kd8 22. Qf3 Qd6 23. Bxe5 Nxe5 24. Qe3 Qc6 25. Qe4 Qxe4 26. Rxe4 f6 27. Nf1 1-0